000 00710nam a2200289Ia 4500
005 20260324134433.0
008 008 260324s9999 xx 000 0 eng d
020 _a9781315182841
037 _aEBOOK
040 _aCRL
040 _beng
040 _cCRL
041 _2eng
041 _aeng
084 _qCRL
100 _aSam Ofori
_91196808
245 0 _aRegional Policy and Regional Planning in Ghana
245 0 _bMaking Things Happen in the Territorial Community
260 _bTaylor and Francis
260 _c2002
365 _a
365 _b180
856 _uhttp://www.taylorfrancis.com/books/9781315182841
942 _cEBOOK
999 _c1796911
_d1796911